Leyes de aduana y de contrabando, reglamento del resguardo y la tarifa del malecón del año 1849 : (Registro nro. 7660)

Detalles MARC
000 -LEADER
fixed length control field 00794nam a2200217Ia 4500
003 - CONTROL NUMBER IDENTIFIER
control field OSt
005 - DATE AND TIME OF LATEST TRANSACTION
control field 20210421171809.0
008 - FIXED-LENGTH DATA ELEMENTS--GENERAL INFORMATION
fixed length control field 210310s1856 ec grl 000 0 spa d
040 ## - CATALOGING SOURCE
Original cataloging agency CO-JMCR
Transcribing agency CO-JMCR
041 0# - LANGUAGE CODE
Language code of text/sound track or separate title spa
082 04 - DEWEY DECIMAL CLASSIFICATION NUMBER
Classification number 350.7246 /
Item number R425l
Edition number 23
100 ## - MAIN ENTRY--PERSONAL NAME
Personal name Republica del Ecuador
9 (RLIN) 15078
110 1# - MAIN ENTRY--CORPORATE NAME
Corporate name or jurisdiction name as entry element República del Ecuador
9 (RLIN) 37040
240 ## - UNIFORM TITLE
Uniform title Leyes, decretos, etc.
245 10 - TITLE STATEMENT
Title Leyes de aduana y de contrabando, reglamento del resguardo y la tarifa del malecón del año 1849 :
Remainder of title mandadas observar por la lejislatura de 1855 /
Statement of responsibility, etc. República del Ecuador
260 ## - PUBLICATION, DISTRIBUTION, ETC.
Place of publication, distribution, etc. Guayaquil :
Name of publisher, distributor, etc. Imprenta de Murillo,
Date of publication, distribution, etc. 1856
300 ## - PHYSICAL DESCRIPTION
Other physical details 56 páginas ;
Dimensions 22 cm.
650 14 - SUBJECT ADDED ENTRY--TOPICAL TERM
Topical term or geographic name entry element Aduanas
9 (RLIN) 15080
Form subdivision Aranceles
General subdivision Legislación
Geographic subdivision Ecuador
650 24 - SUBJECT ADDED ENTRY--TOPICAL TERM
Topical term or geographic name entry element Contrabando
Geographic subdivision Ecuador
9 (RLIN) 37041
942 ## - ADDED ENTRY ELEMENTS (KOHA)
Source of classification or shelving scheme Dewey Decimal Classification
Koha item type Books
Existencias
Withdrawn status Lost status Source of classification or shelving scheme Damaged status Not for loan Collection code Home library Current library Date acquired Source of acquisition Full call number Barcode Date last seen Copy number Koha item type
    Dewey Decimal Classification     Non-fiction Biblioteca Pública José María del Castillo y Rada Biblioteca Pública José María del Castillo y Rada 04/15/2018 Donación 350.7246 / R425l 430013327 05/16/2024 Ej.1 Books